000 00377nam a22001697a 4500
999 _c11098
_d11098
003 OSt
008 220215b ||||| |||| 00| 0 eng d
020 _a9780198066224
082 _a004.678 ROW
100 _aROY,Uttam K
245 _aWeb Technologies
250 _a17 th IMP
260 _aNew Delhi
_bOxford
_c2022
300 _a758
650 _aBCA
942 _2ddc
_cBK
_021